Über die Funktion des "Aktivators" und die Natur des Donators im Taubenbrustmuskel

Elmentve itt :
Bibliográfiai részletek
Szerzők: Banga Ilona
Szent-Györgyi Albert
Dokumentumtípus: Cikk
Megjelent: Walter de Gruyter Berlin, Leipzig 1938
Sorozat:Hoppe-Seyler's Zeitschrift für physiologische Chemie 252
Online Access:http://misc.bibl.u-szeged.hu/73774
LEADER 00738nab a2200181 i 4500
001 misc73774
005 20241018131034.0
008 240122s1938 hu o 000 ger d
040 |a SZTE Miscellanea Repozitórium  |b hun 
041 |a ger 
100 1 |a Banga Ilona 
245 1 0 |a Über die Funktion des "Aktivators" und die Natur des Donators im Taubenbrustmuskel  |h [elektronikus dokumentum] /  |c  Banga Ilona 
260 |a Walter de Gruyter  |b Berlin, Leipzig  |c 1938 
300 |a 275-282 
490 0 |a Hoppe-Seyler's Zeitschrift für physiologische Chemie  |v 252 
561 |a Szent-Györgyi Albert tudományos és egyéb írásai 
700 0 2 |a Szent-Györgyi Albert  |e aut 
856 4 0 |u http://misc.bibl.u-szeged.hu/73774/1/szgya_magyar_128.pdf  |z Dokumentum-elérés